000 01324nab a22002657a 4500
999 _c5685
_d5685
003 OSt
005 20251226235938.0
008 190603e xxum|||| |||| 00| 0 spa d
040 _cPJ
100 _96377
_aPepe, Marcelo A.
245 1 3 _aEl derecho real de superficie. Consideraciones sobre su objeto /
_cMarcelo A. Pepe.
260 _cCiudad Autónoma de Buenos Aires :
_aThomson Reuters La Ley,
_b2025.
300 _ap. 199-213
500 _aCita: TR LALEY AR/DOC/1812/2025 Publicado en: RCCyC 2025 (agosto).
505 _aSumario: I. Introducción.— II. El derecho real de superficie en el Cód. Civ. y Com.— III. Objeto de los derechos reales y del derecho real de superficie.— IV. Constitución del derecho real de superficie. Implicancias registrales y catastrales.— V. Emplazamiento del derecho real de superficie.
505 _t¿Te interesa el texto completo? Solicitalo al correo: koha@justierradelfuego.gov.ar
650 0 _91497
_aCODIGO CIVIL Y COMERCIAL
650 0 _91821
_aDERECHOS REALES
650 0 _96327
_aDERECHO DE PROPIEDAD
650 0 _92289
_aPOSESIÓN
650 0 _95462
_aUSUFRUCTO
650 0 _92277
_aDOMINIO
773 0 _02713
_93170
_dCiudad Autónoma de Buenos Aires : Thomson Reuters La Ley, 2015-
_tRevista Código Civil y Comercial. Nº 4 - Agosto 2025
942 _2udc
_cANA